Characterization and simulation of the quantity and quality of water in the Highland Lakes, Texas, 1983-92 /

Bibliographic Details
Main Author: Raines, Timothy H.
Corporate Authors: Lower Colorado River Authority, Geological Survey (U.S.)
Other Authors: Rast, Walter
Format: Government Document Book
Language:English
Published: Austin, Tex. : U.S. Dept. of the Interior, U.S. Geological Survey ; 1999.
Series:Water-resources investigations report ; 99-4087.
Subjects:

MARC

Tag First Indicator Second Indicator Subfields
LEADER 00000cam a2200000 a 4500
001 in00000005662
005 20150929180029.0
008 990825s1999 txuab b f000 0 eng d
035 |a (OCoLC)42240671 
035 |9 AJK6418AM 
040 |d GPO  |d DLC  |d MvI  |d UtOrBLW 
049 |a UDOC 
074 |a 0624-B 
086 0 |a I 19.42/4:99-4087 
100 1 |a Raines, Timothy H. 
245 1 0 |a Characterization and simulation of the quantity and quality of water in the Highland Lakes, Texas, 1983-92 /  |c by Timothy H. Raines and Walter Rast ; in cooperation with the Lower Colorado River Authority and the city of Austin. 
264 1 |a Austin, Tex. :  |b U.S. Dept. of the Interior, U.S. Geological Survey ;  |c 1999. 
264 2 |a Denver, CO :  |b Branch of Information Services [distributor], 
300 |a iv, 46 pages :  |b illustrations, maps ;  |c 28 cm. 
336 |a text  |b txt  |2 rdacontent 
337 |a unmediated  |b n  |2 rdamedia 
338 |a volume  |b nc  |2 rdacarrier 
490 1 |a Water-resources investigations report ;  |v 99-4087 
500 |a Shipping list number: 99-0356-P. 
504 |a Includes bibliographical references (page 44). 
650 0 |a Water quality  |z Texas  |z Highland Lakes. 
650 0 |a Water-supply  |z Texas  |z Highland Lakes. 
700 1 |a Rast, Walter. 
710 2 |a Lower Colorado River Authority. 
710 2 |a Geological Survey (U.S.) 
830 0 |a Water-resources investigations report ;  |v 99-4087. 
999 |a MARS 
999 f f |s 0070dd6d-77a5-3231-abb7-41fc8e58b130  |i 5cc81a6e-2848-3f22-9f64-13d03828935f  |t 0 
952 f f |p normal  |a Texas A&M University  |b College Station  |c Sterling C. Evans Library  |d Evans: US Documents (Annex 5th floor)  |t 0  |e I 19.42/4:99-4087  |h Superintendent of Documents classification  |i unmediated -- volume  |m A14827961101 
998 f f |a I 19.42/4:99-4087  |t 0  |l Evans: US Documents (Annex 5th floor)